Japanese trade and industry in the Meiji Taisho era
Uloženo v:
| Hlavní autor: | |
|---|---|
| Médium: | Kniha |
| Jazyk: | Undetermined |
| Vydáno: |
Tokyo
Obunsha
1957
|
| Témata: | |
| Tagy: |
Přidat tag
Žádné tagy, Buďte první, kdo otaguje tento záznam!
|
| Thư viện lưu trữ: | Trung tâm Học liệu Trường Đại học Cần Thơ |
|---|
| LEADER | 00624nam a2200205Ia 4500 | ||
|---|---|---|---|
| 001 | CTU_82540 | ||
| 008 | 210402s9999 xx 000 0 und d | ||
| 082 | |a 382.0952073 | ||
| 082 | |b K27 | ||
| 100 | |a Keishi, Ohara | ||
| 245 | 0 | |a Japanese trade and industry in the Meiji Taisho era | |
| 245 | 0 | |c Ohara Keishi | |
| 260 | |a Tokyo | ||
| 260 | |b Obunsha | ||
| 260 | |c 1957 | ||
| 650 | |a Japan,Japan,United states | ||
| 650 | |x Economic conditions,Foreign economic relations,Foreign economic relations | ||
| 650 | |z United states,Japan | ||
| 904 | |i Trúc, Qhieu | ||
| 980 | |a Trung tâm Học liệu Trường Đại học Cần Thơ | ||